| 000 | 00541nam a2200193 a 4500 | ||
|---|---|---|---|
| 001 | 707 | ||
| 003 | CDMR | ||
| 005 | 20151019134801.0 | ||
| 008 | 130130s1989||||||||||||||||||||||||||||d | ||
| 040 |
_aCDMR _bcat _cCDMR |
||
| 100 | 1 |
_aPernau, Josep _9544 |
|
| 245 | 1 | 0 |
_aDiario de la caída de Cataluña _cJosep Pernau |
| 260 |
_aBarcelona _c1989 _bEdiciones B |
||
| 300 |
_a297 p ; _c23 cm |
||
| 490 | 0 |
_aSerie Reporter _v33 |
|
| 650 | 0 | 4 |
_93166 _aCatalunya _xHistòria |
| 650 | 0 | 4 |
_93196 _aEspanya _xHistòria _y1936-1939, Guerra Civil |
| 942 |
_cMON _2udc |
||
| 999 |
_c707 _d707 |
||